<?xml version="1.0" encoding="UTF-8"?>
<marc:record xmlns:marc="http://www.loc.gov/MARC21/slim">
   <marc:leader>00000nam a2200000 a 4500</marc:leader>
   <marc:datafield ind1="1" ind2=" " tag="100">
      <marc:subfield code="a">Tober, Heike</marc:subfield>
      <marc:subfield code="4">aut</marc:subfield>
      <marc:subfield code="e">Verfasser/-in</marc:subfield>
   </marc:datafield>
   <marc:datafield ind1=" " ind2=" " tag="653">
      <marc:subfield code="a">Kinderbuch Vielfalt</marc:subfield>
   </marc:datafield>
   <marc:datafield ind1=" " ind2=" " tag="653">
      <marc:subfield code="a">Sendung mit der Maus</marc:subfield>
   </marc:datafield>
   <marc:datafield ind1=" " ind2=" " tag="653">
      <marc:subfield code="a">Wissen Kinder</marc:subfield>
   </marc:datafield>
   <marc:datafield ind1=" " ind2=" " tag="653">
      <marc:subfield code="a">Kindersachbuch</marc:subfield>
   </marc:datafield>
   <marc:datafield ind1="0" ind2="0" tag="245">
      <marc:subfield code="a">Frag doch mal ... die Maus!: Der Mensch</marc:subfield>
   </marc:datafield>
   <marc:datafield ind1="0" ind2="0" tag="245">
      <marc:subfield code="c">Tober, Heike</marc:subfield>
   </marc:datafield>
   <marc:datafield ind1=" " ind2="1" tag="264">
      <marc:subfield code="a">Hamburg</marc:subfield>
      <marc:subfield code="b">Carlsen</marc:subfield>
      <marc:subfield code="c">2022</marc:subfield>
   </marc:datafield>
   <marc:datafield ind1="1" ind2=" " tag="490">
      <marc:subfield code="a">Frag doch mal ... die Maus!</marc:subfield>
   </marc:datafield>
   <marc:datafield ind1="1" ind2=" " tag="520">
      <marc:subfield code="a">Angaben aus der Verlagsmeldung&#xD;
&#xD;
Frag doch mal ... die Maus!: Der Mensch : Die Sachbuchreihe mit der Maus / von Heike Tober&#xD;
&#xD;
Antworten auf die wichtigsten Kinderfragen: Die Sachbuchreihe mit der Maus&#xD;
&#xD;
Wie sahen die ersten Menschen aus?&#xD;
&#xD;
Warum lachen Menschen?&#xD;
&#xD;
Gibt es Regeln, die für alle Menschen gelten?&#xD;
&#xD;
Und viele weitere Fragen!&#xD;
&#xD;
Auf der Erde leben sieben Milliarden Menschen. Sie sind sich alle irgendwie ähnlich  und trotzdem ganz verschieden. Das macht unser Leben so vielfältig, wirft aber auch unglaublich viele Fragen auf. Zum Glück kann die Maus auch komplexe Zusammenhänge wie Evolution, Gefühle oder gesellschaftliches Zusammenleben kindgerecht erklären und widmet sich in diesem Sachbuch den kleinen und großen Fragen, die unser Leben so spannend machen.&#xD;
&#xD;
Spielerisch, sachlich fundiert und immer mit dem besonderen Maus-Faktor!</marc:subfield>
   </marc:datafield>
   <marc:datafield ind1=" " ind2=" " tag="020">
      <marc:subfield code="a">9783551253637</marc:subfield>
      <marc:subfield code="9">9783551253637</marc:subfield>
   </marc:datafield>
   <marc:datafield ind1=" " ind2=" " tag="020">
      <marc:subfield code="a">3551253633</marc:subfield>
      <marc:subfield code="9">3551253633</marc:subfield>
   </marc:datafield>
   <marc:datafield ind1=" " ind2=" " tag="041">
      <marc:subfield code="a">ger</marc:subfield>
   </marc:datafield>
   <marc:datafield ind1=" " ind2=" " tag="300">
      <marc:subfield code="b">überw. III.</marc:subfield>
   </marc:datafield>
   <marc:datafield ind1=" " ind2=" " tag="338">
      <marc:subfield code="a">Band</marc:subfield>
   </marc:datafield>
   <marc:datafield ind1=" " ind2=" " tag="300">
      <marc:subfield code="a">64 Seiten</marc:subfield>
   </marc:datafield>
</marc:record>
